Name that Scottish Derby - Statistics

General Stats
  • This quiz has been taken 11 times
  • The average score is 5 of 13
Answer Stats
Teams Derby % Correct
Rangers vs Celtic The Old Firm
100%
Dundee vs Dundee United The Dundee Derby
64%
Hibs vs Hearts The Edinburgh Derby
64%
Kilmarnock vs Ayr United The Ayrshire Derby
55%
Ross County vs Inverness The Highland Derby
55%
Raith Rovers vs East Fife The Fife Derby
45%
Partick Thistle vs Queens Park The Glasgow Derby
45%
Aberdeen vs Dundee United The New Firm
36%
Arbroath vs Montrose The Angus Derby
27%
Hamilton vs Motherwell The Lanarkshire Derby
18%
St Mirren vs Greenock Morton The Renfrewshire derby
18%
Dundee vs St Johnstone The Tayside Derby
18%
Dunfermline Athletic vs Falkirk The Kincardine Derby
0%
No matching quizzes found
Score Distribution
Percent of People with Each Score
Percentile by Number Answered
Your Score History
You have not taken this quiz